000 00827nam a2200265Ia 4500
001 Para_8059
003 CHAP
008 220125s9999 xx 000 0 und d
010 _a206903
040 _cCHAP
082 _aPA-C 595.75 H4
100 _aMcatee, W. L.
_973350
245 _aNotes on a collection of erythoroneura and humetta (Eupterygidae) chiefly from llinois with descriptions of New forms /
_c by W. L. Mcatee
300 _a39-44 p.
440 _aHemiptera; 13
_9173248
500 _aEncuadernado con otros impresos similares
650 _aHemípteros
_x colecciones de escritos Erythroneura Hymetta
_9173268
901 _aPA-C 595.75 H4
902 _aA
905 _a000000 0000000000 00
910 _a
942 _cPARA
942 _cPARA
_d1
999 _c206903
_d206903